URGENCIAS QUIRURGICAS ABDOMINALES (Registro nro. 51020)
[ vista simple ]
| 000 -LEADER | |
|---|---|
| fixed length control field | 00735nam a2200169 a 4500 |
| 001 - CONTROL NUMBER | |
| control field | 51020 |
| 005 - DATE AND TIME OF LATEST TRANSACTION | |
| control field | 20180714040316.0 |
| 008 - FIXED-LENGTH DATA ELEMENTS--GENERAL INFORMATION | |
| fixed length control field | 140415s1974 mx 000 0 spa d |
| 041 ## - LANGUAGE CODE | |
| Language code of text/sound track or separate title | spa |
| 082 ## - DEWEY DECIMAL CLASSIFICATION NUMBER | |
| Classification number | 617.026 |
| Item number | URG |
| 245 00 - TITLE STATEMENT | |
| Title | URGENCIAS QUIRURGICAS ABDOMINALES |
| 250 ## - EDITION STATEMENT | |
| Edition statement | 1a ed. |
| 260 ## - PUBLICATION, DISTRIBUTION, ETC. | |
| Place of publication, distribution, etc. | MEXICO : |
| Name of publisher, distributor, etc. | SOCIEDAD MEDICA DEL HOSPITAL GENERAL, |
| Date of publication, distribution, etc. | 1974 |
| 300 ## - PHYSICAL DESCRIPTION | |
| Extent | 165 |
| Dimensions | 16.3 x 0.5 x 23 |
| 520 ## - SUMMARY, ETC. | |
| Summary, etc. | LA SOCIEDAD MEDICA DEL HOSPITAL GENERAL PRESENTA ESTE PEQUEÑO VOLUMEN, EN FORMA DE MONOGRAFIA, ACERCA DE LAS PRINCIPALES URGENCIAS QUIRURGICAS DEL ABDOMEN. EN EL SE CONJUNTAN LA EXPERIENCIA DE LOS DIVERSOS CIRUJANOS DEL HOSPITAL GENERAL Y UN INVITADO DE LA PENINSULA DE YUCATAN. |
| 650 14 - SUBJECT ADDED ENTRY--TOPICAL TERM | |
| Topical term or geographic name entry element | URGENCIAS MEDICAS |
| Withdrawn status | Lost status | Source of classification or shelving scheme | Damaged status | Not for loan | Collection code | Home library | Current library | Shelving location | Date acquired | Source of acquisition | Inventory number | Total Checkouts | Full call number | Barcode | Date last seen | Price effective from | Koha item type |
|---|---|---|---|---|---|---|---|---|---|---|---|---|---|---|---|---|---|
| Dewey Decimal Classification | General | Biblioteca Karol Wojtyla | Biblioteca Karol Wojtyla | Sala general | 03/12/2013 | Compra | 151000000000000000008986 | 617.026 URG | 76133 | 05/04/2022 | 03/12/2013 | Libro |